000
00320nam a22001457a 4500
008
230515b ||||| |||| 00| 0 eng d
020
_a
9780394704623
041
_a
eng
080
_a
159.9
082
_a
159.9PIA
100
_a
25
101
_a
PSI
245
_a
SIX PSYCHOLOGICAL STUDIES
_c
PIAGET J
942
_2
udc
_c
BK
999
_c
59717
_d
59717